| 000 | 00398nam a2200145Ia 4500 | ||
|---|---|---|---|
| 008 | 230917s9999||||xx |||||||||||||| ||und|| | ||
| 040 |
_e37215 _aMAIN |
||
| 041 | _aEnglish | ||
| 082 | _a616.8914 H243I | ||
| 100 | _aHarris M D, Thomas A | ||
| 245 | 0 | _aI'm ok- you're ok: previously published as the book of choice | |
| 260 |
_aNew Delhi _bSterling _c1969 |
||
| 300 | _axvii, 269 p. | ||
| 942 | _cBK | ||
| 999 |
_c221012 _d221012 |
||